[Event "Druzynowe Mistrzostwa Polski Juniorow - Ekstraliga 2018"]
[Site "Kudowa-Zdroj"]
[Date "1899-12-30"]
[Round "4.7"]
[White "Chylewski, Patryk"]
[Black "Szczurek, Krzysztof"]
[Result "1/2-1/2"]
[WhiteTitle "FM"]
[BlackTitle "FM"]
[WhiteElo "2335"]
[BlackElo "2136"]

1. e4 c5 2. Nf3 d6 3. d4 cxd4 4. Nxd4 Nf6 5. Nc3 a6 6. g3 e5 7. Nb3 Bg4 8. Qd3
Nbd7 9. Bg2 Rc8 10. O-O Be7 11. Be3 O-O 12. h3 Be6 13. Nd5 Bxd5 14. exd5 Nb6 15.
Nd2 Nfd7 16. c4 f5 17. f4 e4 18. Qe2 Bf6 19. Rab1 Nc5 20. Bxc5 Rxc5 21. b3 Rc8
22. Rfd1 Nd7 23. Nf1 Nc5 24. Ne3 g6 25. Qd2 Qd7 26. Kh2 Kh8 27. Bf1 Qg7 28. Qf2
Rf7 29. Rbc1 b6 30. Rc2 Be7 31. b4 Nd7 32. c5 bxc5 33. Bxa6 Rb8 34. b5 g5 35.
a4 gxf4 36. gxf4 Qh6 37. Rg1 Nf8 38. Ng2 Bf6 39. Rf1 Ng6 40. a5 1/2-1/2

[Event "Druzynowe Mistrzostwa Polski Juniorow - Ekstraliga 2018"]
[Site "Kudowa-Zdroj"]
[Date "1899-12-30"]
[Round "4.8"]
[White "Warchol, Bartosz"]
[Black "Sanz Wawer, Daniel"]
[Result "1/2-1/2"]
[WhiteTitle "I++"]
[BlackTitle "k"]
[WhiteElo "1950"]
[BlackElo "2233"]

1. d4 Nf6 2. c4 e6 3. Nf3 d5 4. g3 dxc4 5. Bg2 Bb4+ 6. Bd2 a5 7. Qc2 Bxd2+ 8. Nbxd2
b5 9. a4 c6 10. b3 cxb3 11. Nxb3 O-O 12. O-O Ba6 13. Rfc1 bxa4 14. Rxa4 Bb5 15.
Raa1 Nbd7 16. Ne5 Nxe5 17. dxe5 Nd5 18. Nd4 Ra6 19. Qc5 Qd7 20. Rab1 Nb4 21. Bf3
Rd8 22. Nb3 Nd5 23. Nd4 Nb4 24. Nb3 Nd5 25. Nd4 Nb4 1/2-1/2

[Event "Druzynowe Mistrzostwa Polski Juniorow - Ekstraliga 2018"]
[Site "Kudowa-Zdroj"]
[Date "1899-12-30"]
[Round "4.9"]
[White "Redzisz, Michal"]
[Black "Jozefczyk, Szymon"]
[Result "0-1"]
[WhiteTitle "I"]
[BlackTitle "II"]
[WhiteElo "1937"]
[BlackElo "1734"]

1. e4 c5 2. Nf3 d6 3. d4 cxd4 4. Nxd4 Nf6 5. Nc3 a6 6. Bg5 e6 7. f4 Be7 8. Qf3
h6 9. Bh4 Nbd7 10. O-O-O Rg8 11. Bxf6 Nxf6 12. Be2 Qc7 13. Rhf1 b5 14. e5 Bb7
15. Qg3 dxe5 16. fxe5 Nd7 17. Nxe6 fxe6 18. Qg6+ Kd8 19. Qxe6 Re8 20. Qh3 Bg5+
21. Kb1 Rxe5 22. Bg4 Bc6 23. Rf8+ Re8 24. Rxe8+ Kxe8 25. Qh5+ Kd8 26. Qf7 Kc8
27. Nd5 Bxd5 28. Rxd5 Ra7 29. Rxd7 Qxd7 30. Bxd7+ Rxd7 31. a3 Rxf7 0-1

[Event "Druzynowe Mistrzostwa Polski Juniorow - Ekstraliga 2018"]
[Site "Kudowa-Zdroj"]
[Date "1899-12-30"]
[Round "4.10"]
[White "Swiech, Lukasz"]
[Black "Marcinczyk, Monika"]
[Result "1-0"]
[WhiteTitle "II"]
[BlackTitle "WCM"]
[WhiteElo "1591"]
[BlackElo "1891"]

1. e4 c5 2. Nf3 Nc6 3. Bb5 g6 4. c3 Bg7 5. d4 cxd4 6. cxd4 a6 7. Bc4 d6 8. h3 Nf6
9. Nc3 b5 10. Bd3 Bb7 11. O-O O-O 12. Re1 Nd7 13. Be3 e5 14. d5 Ne7 15. Qd2 f5
16. Bh6 Nc5 17. Bxg7 Kxg7 18. b4 Nxe4 19. Bxe4 fxe4 20. Rxe4 h6 21. Nh2 Qb6 22.
Ng4 Nf5 23. Ne2 g5 24. Ne3 Rac8 25. Nxf5+ Rxf5 26. Ng3 Rf7 27. h4 Qd8 28. Qd3
Kf8 29. Rg4 Rf4 30. Rxf4+ gxf4 31. Qf5+ Ke8 32. Ne4 Qe7 33. Qg6+ Kd7 34. Nf6+
Kc7 35. Rc1+ Kb8 36. Rxc8+ Kxc8 37. Qxh6 Qf7 38. Qh8+ Kc7 39. h5 Bxd5 40. Nxd5+
Qxd5 41. Qg7+ Kc6 42. Qg4 e4 43. h6 Qf7 44. Qh4 e3 45. fxe3 fxe3 46. Qe4+ d5 47.
Qxe3 1-0

[Event "Druzynowe Mistrzostwa Polski Juniorow - Ekstraliga 2018"]
[Site "Kudowa-Zdroj"]
[Date "1899-12-30"]
[Round "4.11"]
[White "Moscicka, Pola"]
[Black "Surpeta, Julia"]
[Result "1/2-1/2"]
[WhiteTitle "k+"]
[BlackTitle "I"]
[WhiteElo "1934"]
[BlackElo "1611"]

1. d4 Nf6 2. c4 g6 3. Nc3 Bg7 4. e4 d6 5. Nf3 O-O 6. Be2 e5 7. O-O Nc6 8. d5 Ne7
9. b4 a5 10. Ba3 axb4 11. Bxb4 b6 12. a4 Ne8 13. Qb3 Rb8 14. Nd2 f5 15. Qa3 Ra8
16. Rfd1 fxe4 17. Ndxe4 Nf5 18. a5 Nd4 19. Qb2 bxa5 20. Bxa5 Bf5 21. Bd3 Rb8 22.
Qa2 Qh4 23. Rab1 Ra8 24. c5 Bxe4 25. Nxe4 Nf6 26. Nxf6+ Rxf6 27. Rb7 Qg4 28. Rdb1
Nf3+ 29. Kh1 Nh4 30. Bf1 Qd4 1/2-1/2

[Event "Druzynowe Mistrzostwa Polski Juniorow - Ekstraliga 2018"]
[Site "Kudowa-Zdroj"]
[Date "1899-12-30"]
[Round "4.12"]
[White "Dylag, Emilia"]
[Black "Trzaskowska, Hanna"]
[Result "1-0"]
[WhiteTitle "k"]
[BlackTitle "I"]
[WhiteElo "1989"]
[BlackElo "1505"]

1. Nf3 d5 2. g3 Nf6 3. Bg2 e6 4. d3 Bd6 5. Nbd2 Nbd7 6. O-O O-O 7. e4 c6 8. Re1
Qc7 9. b3 dxe4 10. dxe4 Ne5 11. Bb2 b5 12. Qe2 Bb7 13. Rac1 a6 14. c4 c5 15. cxb5
axb5 16. Bxe5 Bxe5 17. Qxb5 Ba6 18. Qxc5 Qxc5 19. Rxc5 Bd6 20. Rc6 Bb4 21. a4
Rfd8 22. Rec1 h6 23. Nf1 Kf8 24. Ne5 Bd6 25. Nc4 Bxc4 26. R6xc4 Be5 27. Ne3 Rab8
28. b4 Bd4 29. e5 Bxe3 30. fxe3 Nd5 31. Bxd5 exd5 32. Rd4 Ke7 33. Rc6 Rbc8 34.
Rxc8 Rxc8 35. Rxd5 Rc4 36. Rd4 Rc1+ 37. Kg2 Ra1 38. b5 Rb1 39. Kf3 Ke6 40. Ke4
f5+ 41. exf6 gxf6 42. Rc4 f5+ 43. Kf3 Kd5 44. Rd4+ Ke5 45. Rh4 h5 46. Rxh5 Rb4
47. Rh4 Ke4+ 48. Kxe4 1-0

[Event "Druzynowe Mistrzostwa Polski Juniorow - Ekstraliga 2018"]
[Site "Kudowa-Zdroj"]
[Date "1899-12-30"]
[Round "4.13"]
[White "Koziol, Kamil"]
[Black "Gumularz, Szymon"]
[Result "1/2-1/2"]
[WhiteTitle "FM"]
[BlackTitle "IM"]
[WhiteElo "2257"]
[BlackElo "2461"]

1. d4 e6 2. e4 d5 3. Nc3 Nf6 4. Bg5 dxe4 5. Nxe4 Be7 6. Bxf6 gxf6 7. Nf3 a6 8.
g3 Nc6 9. Bg2 e5 10. d5 Nb4 11. c4 f5 12. Nc3 e4 13. Ne5 a5 14. a3 Na6 15. Qh5
O-O 16. Bh3 f6 17. Ng6 hxg6 18. Qxg6+ Kh8 19. Qh6+ Kg8 20. Qg6+ Kh8 21. Qh6+ Kg8
1/2-1/2

[Event "Druzynowe Mistrzostwa Polski Juniorow - Ekstraliga 2018"]
[Site "Kudowa-Zdroj"]
[Date "1899-12-30"]
[Round "4.15"]
[White "Oleksy, Krzysztof"]
[Black "Fiedorek, Michal"]
[Result "1/2-1/2"]
[WhiteTitle "I"]
[BlackTitle "I"]
[WhiteElo "1813"]
[BlackElo "2066"]

1. d4 Nf6 2. Nc3 d5 3. Bf4 e6 4. Nb5 Na6 5. a3 Be7 6. e3 c6 7. Nc3 O-O 8. Nf3 c5
9. Be2 Qb6 10. Rb1 Bd7 11. Ne5 Be8 12. O-O cxd4 13. exd4 Nc7 14. Qd3 a6 15. a4
Nd7 16. Qg3 Rc8 17. a5 Qxa5 18. Ra1 Qb6 19. Na4 Qa7 20. Nxd7 Bxd7 21. Bxc7 Bxa4
22. Rxa4 b5 23. Be5 f6 24. Bxb5 fxe5 25. Qxe5 Qb6 26. Bd7 Rxc2 27. Qxe6+ Qxe6
28. Bxe6+ Kh8 29. Bxd5 Rxb2 30. Bf3 Rb4 31. Rfa1 a5 32. Rxb4 Bxb4 33. d5 g6 34.
Kf1 Kg7 35. Ke2 Re8+ 36. Kd3 Re1 37. Ra2 Re7 38. Kc4 Kf6 39. Kd4 Rc7 40. Bd1 Bc3+
41. Kd3 Ke5 42. Ke4+ 1/2-1/2

[Event "Druzynowe Mistrzostwa Polski Juniorow - Ekstraliga 2018"]
[Site "Kudowa-Zdroj"]
[Date "1899-12-30"]
[Round "4.16"]
[White "Luberanski, Jakub"]
[Black "Seemann, Jakub"]
[Result "1-0"]
[WhiteTitle "I"]
[BlackTitle "I"]
[WhiteElo "1762"]
[BlackElo "1814"]

1. e4 c5 2. Nf3 d6 3. d4 cxd4 4. Nxd4 Nf6 5. Nc3 a6 6. Be3 e5 7. Nf3 Be7 8. Bc4
O-O 9. O-O Be6 10. Bb3 Ng4 11. Qe2 Nxe3 12. Qxe3 Nd7 13. Rad1 Qb6 14. Nd5 Qd8
15. c3 Nc5 16. Rd2 Nxb3 17. axb3 f5 18. Rfd1 Bxd5 19. Rxd5 Qe8 20. exf5 Rxf5 21.
c4 Qh5 22. c5 dxc5 23. Rd7 Re8 24. Qe4 Rf4 25. Qxb7 Bf6 26. Qd5+ Kh8 27. Qxc5
Qg6 28. Qe3 h5 29. h3 Qf5 30. Kh2 g5 31. R1d2 g4 32. Ng1 Bg5 33. Qd3 e4 34. Qd4+
Bf6 35. Qe3 Be5 36. g3 h4 37. Kg2 hxg3 38. fxg3 gxh3+ 39. Nxh3 Rf3 40. Qh6+ Kg8
41. Nf4 Rf8 42. Nh5 Rxg3+ 43. Nxg3 Qf3+ 44. Kg1 Rc8 45. Qh7+ 1-0

[Event "Druzynowe Mistrzostwa Polski Juniorow - Ekstraliga 2018"]
[Site "Kudowa-Zdroj"]
[Date "1899-12-30"]
[Round "4.17"]
[White "Cieslak, Wiktoria"]
[Black "Harazinska, Magdalena"]
[Result "1-0"]
[WhiteTitle "k++"]
[BlackTitle "k"]
[WhiteElo "1931"]
[BlackElo "1997"]

1. d4 d5 2. Bf4 Nf6 3. Nc3 c6 4. e3 e6 5. Nf3 b6 6. Ne5 Be7 7. Bd3 Bb7 8. Qe2 Nbd7
9. Ba6 Bxa6 10. Qxa6 Nxe5 11. Bxe5 O-O 12. a3 Bd6 13. Qe2 Bxe5 14. dxe5 Nd7 15.
f4 f6 16. exf6 Qxf6 17. O-O-O b5 18. g4 a5 19. g5 Qf5 20. h4 Nc5 21. Nb1 b4 22.
h5 bxa3 23. Nxa3 Rfb8 24. h6 g6 25. Qd2 Ne4 26. Qd4 Rb7 27. Rh2 c5 28. Qd3 Rab8
29. c3 Rb3 30. Qa6 Nxc3 31. bxc3 Rxa3 32. Rc2 Qe4 33. Kd2 d4 34. Qd3 Qg2+ 35.
Ke1 Qg3+ 36. Ke2 Rd8 37. Qe4 Qg4+ 38. Ke1 d3 39. Rg2 Qh4+ 40. Rf2 Qg4 41. Rg2
Qh3 42. Rh2 Qf5 43. Qb7 Qf7 44. Qb2 Ra4 45. Qb6 Qd7 46. Qxc5 Rc8 47. Qe5 Rac4
48. Rxd3 Qe7 49. Rhd2 R4c5 50. Rd8+ 1-0

[Event "Druzynowe Mistrzostwa Polski Juniorow - Ekstraliga 2018"]
[Site "Kudowa-Zdroj"]
[Date "1899-12-30"]
[Round "4.18"]
[White "Pawicka, Magdalena"]
[Black "Kroliczek, Gabriela"]
[Result "0-1"]
[WhiteTitle "I"]
[BlackTitle "I++"]
[WhiteElo "1718"]
[BlackElo "1736"]

1. e4 c5 2. Nf3 a6 3. Nc3 e6 4. d4 cxd4 5. Nxd4 b5 6. Bd3 Bb7 7. a3 Nf6 8. Qe2
Nc6 9. Nxc6 dxc6 10. e5 Nd7 11. f4 Nc5 12. Be4 Nxe4 13. Nxe4 c5 14. O-O Qd4+ 15.
Nf2 Qd5 16. Nh3 Be7 17. Bd2 Qd4+ 18. Qe3 Qxb2 19. Rfc1 Qd4 20. Qxd4 cxd4 21. c3
dxc3 22. Rxc3 Bd5 23. Nf2 O-O 24. Nd3 a5 25. Rc7 Bd8 26. Rcc1 Bb6+ 27. Kh1 Rfd8
28. Ne1 Bc4 29. Bc3 Be3 30. Rd1 Rxd1 31. Rxd1 Bxf4 32. Nf3 h5 33. g3 Be2 34. Re1
Bxf3+ 35. Kg1 Bg5 36. Rb1 Be2 0-1

[Event "Druzynowe Mistrzostwa Polski Juniorow - Ekstraliga 2018"]
[Site "Kudowa-Zdroj"]
[Date "1899-12-30"]
[Round "4.19"]
[White "Szustakowski, Antoni"]
[Black "Pacan-milej, Kosma"]
[Result "0-1"]
[WhiteTitle "FM"]
[BlackTitle "FM"]
[WhiteElo "2330"]
[BlackElo "2282"]

1. d4 Nf6 2. c4 c5 3. d5 b5 4. cxb5 a6 5. bxa6 g6 6. Nc3 Bg7 7. e4 O-O 8. Be2 Qa5
9. Bd2 d6 10. a7 Qxa7 11. Nf3 Ba6 12. O-O Bxe2 13. Qxe2 Qa6 14. Qd1 Nbd7 15. Qc2
Rfb8 16. a4 Qc4 17. Ra3 Rb4 18. b3 Qa6 19. Bc1 c4 20. bxc4 Qxc4 21. Nd2 Qc5 22.
Qa2 Ng4 23. Ndb1 Bd4 24. Bf4 Rab8 25. Bg3 Rb2 26. Qa1 Bxf2+ 27. Kh1 Bxg3 28. hxg3
Qe3 0-1

[Event "Druzynowe Mistrzostwa Polski Juniorow - Ekstraliga 2018"]
[Site "Kudowa-Zdroj"]
[Date "1899-12-30"]
[Round "4.20"]
[White "Raclawicki, Kacper"]
[Black "Kowalski, Igor"]
[Result "0-1"]
[WhiteTitle "I"]
[BlackTitle "FM"]
[WhiteElo "1799"]
[BlackElo "2324"]

1. d4 Nf6 2. g3 e6 3. Nf3 b6 4. Bg2 Bb7 5. O-O Be7 6. c4 O-O 7. Nc3 Ne4 8. Nxe4
Bxe4 9. b3 d5 10. Nd2 Bxg2 11. Kxg2 dxc4 12. Nxc4 Qd5+ 13. f3 Bf6 14. Bb2 Rd8
15. e3 c5 16. dxc5 Qxc5 17. Qe2 Bxb2 18. Nxb2 Nc6 19. Rac1 Qa5 20. Nc4 Qa6 21.
Rfd1 Rd5 22. e4 Rc5 23. Qb2 Rc8 24. Nd6 Rd8 25. Rxc5 bxc5 26. e5 Nb4 27. Rd2 Nd5
28. Qc1 Qb6 29. Rd3 f6 30. Nc4 Qb4 31. Kf2 Qb8 32. Qe1 Nb4 33. Rxd8+ Qxd8 34.
Qe2 Qd4+ 35. Kg2 f5 36. a4 Nd3 37. Qd2 h6 38. Qe2 Qc3 39. Nd6 Qxb3 40. Qd2 Nxe5
41. Nc8 Qxf3+ 0-1

[Event "Druzynowe Mistrzostwa Polski Juniorow - Ekstraliga 2018"]
[Site "Kudowa-Zdroj"]
[Date "1899-12-30"]
[Round "4.21"]
[White "Iwaszkiewicz, Krzysztof"]
[Black "Czernecki, Andrzej"]
[Result "1-0"]
[WhiteTitle "II+"]
[BlackTitle "II+"]
[WhiteElo "1683"]
[BlackElo "1472"]

1. d4 Nf6 2. c4 e6 3. Nc3 Bb4 4. Qc2 b6 5. a3 Bxc3+ 6. Qxc3 O-O 7. Bg5 Bb7 8. f3
c5 9. Rd1 h6 10. Bh4 cxd4 11. Qxd4 Re8 12. e4 e5 13. Qd3 Bc6 14. Ne2 Na6 15. b4
Rb8 16. Nc3 Nc7 17. Be2 b5 18. c5 g5 19. Bf2 Nh5 20. g3 Nf6 21. h4 Kg7 22. Be3
Nh7 23. Kf2 Qf6 24. hxg5 Nxg5 25. Rh4 Qe6 26. Rdh1 Rh8 27. Qd2 f6 28. Bd3 Rbe8
29. Qe2 a6 30. Bd2 Re7 31. Nd1 Ree8 32. Ne3 Kg6 33. Nf5 h5 34. Bxg5 fxg5 35. Rxh5
Rxh5 36. Rxh5 Kxh5 37. Ng7+ Kg6 38. Nxe6 Nxe6 39. Qa2 Rh8 40. Kg2 Ra8 41. Qb2
Kf6 42. Bc2 Nd4 43. Bd1 Rh8 44. Qd2 Re8 45. Qa2 Ra8 46. Bb3 Nxb3 47. Qxb3 Re8
48. Qd1 Kg7 49. Qd2 Kg6 50. Qd6+ Kg7 51. Kh3 Re6 52. Qb8 Re7 53. Qd8 Kf6 54. Qf8+
Rf7 55. Qh6+ Ke7 56. Qxg5+ Ke6 57. Qg6+ Ke7 58. Qd6+ 1-0

[Event "Druzynowe Mistrzostwa Polski Juniorow - Ekstraliga 2018"]
[Site "Kudowa-Zdroj"]
[Date "1899-12-30"]
[Round "4.22"]
[White "Matela, Krzysztof"]
[Black "Rak, Jacek"]
[Result "1-0"]
[WhiteTitle "I"]
[BlackTitle "II"]
[WhiteElo "1734"]
[BlackElo "1457"]

1. e4 c5 2. Nf3 Nc6 3. d4 cxd4 4. Nxd4 e6 5. Nc3 Nf6 6. Ndb5 Bb4 7. Bf4 Nxe4 8.
Qf3 d5 9. Nc7+ Kf8 10. Nxa8 e5 11. O-O-O Nxc3 12. bxc3 Ba3+ 13. Kb1 exf4 14. Qxd5
Qe7 15. Bb5 Be6 16. Qd3 Ke8 17. Rhe1 f5 18. Rxe6 Qxe6 19. Nc7+ 1-0

[Event "Druzynowe Mistrzostwa Polski Juniorow - Ekstraliga 2018"]
[Site "Kudowa-Zdroj"]
[Date "1899-12-30"]
[Round "4.23"]
[White "Malicka, Maria"]
[Black "Sowa, Wiktoria"]
[Result "0-1"]
[WhiteTitle "WCM"]
[BlackTitle "k"]
[WhiteElo "2174"]
[BlackElo "1952"]

1. e4 e5 2. Nf3 Nc6 3. Bb5 a6 4. Ba4 Nf6 5. d3 b5 6. Bb3 Be7 7. Nc3 d6 8. a3 O-O
9. Nd5 Nxd5 10. Bxd5 Bb7 11. h4 Na5 12. Ba2 d5 13. b4 dxe4 14. Ng5 h6 15. bxa5
hxg5 16. hxg5 g6 17. Qg4 Kg7 18. Bb2 Bxg5 19. Bxe5+ Bf6 20. Qg5 Bxe5 21. Qh6+
Kf6 22. Qh4+ g5 23. Qh6+ Ke7 24. O-O-O Qd6 25. Qxg5+ Bf6 26. Qf5 Qxa3+ 27. Kd2
Qxa5+ 28. Ke2 Qxa2 29. Qc5+ Ke8 30. Rh6 Qe6 31. Qxc7 exd3+ 32. Kf1 Qe2+ 33. Kg1
Be5 0-1

[Event "Druzynowe Mistrzostwa Polski Juniorow - Ekstraliga 2018"]
[Site "Kudowa-Zdroj"]
[Date "1899-12-30"]
[Round "4.24"]
[White "Starosta, Martyna"]
[Black "Mezykowska, Emilia"]
[Result "1-0"]
[WhiteTitle "WCM"]
[BlackTitle "I"]
[WhiteElo "1740"]
[BlackElo "1622"]

1. e4 e5 2. Nf3 Nc6 3. Bb5 a6 4. Ba4 Nf6 5. O-O b5 6. Bb3 Bb7 7. d3 Bc5 8. a4 b4
9. a5 d6 10. Re1 h6 11. h3 O-O 12. Nbd2 Rb8 13. Nf1 Bc8 14. Be3 Bxe3 15. Nxe3
Re8 16. Nh4 Nd4 17. Bc4 Nxe4 18. Bxf7+ Kxf7 19. Qh5+ Kg8 20. dxe4 Rf8 21. c3 bxc3
22. bxc3 Nb3 23. Rab1 Be6 24. Nhf5 Bxf5 25. Nxf5 Qg5 26. Qd1 Nc5 27. Rxb8 Rxb8
28. Qd5+ Kh8 29. Qf7 Qf6 30. Qxc7 Rb2 31. Re3 Nxe4 32. Qc8+ Kh7 33. Rxe4 d5 34.
Rb4 Rc2 35. Rb7 d4 36. Rxg7+ Qxg7 37. Nxg7 Kxg7 38. Qg4+ Kf6 39. cxd4 exd4 40.
Qxd4+ Kf5 41. Qd3+ 1-0

[Event "Druzynowe Mistrzostwa Polski Juniorow - Ekstraliga 2018"]
[Site "Kudowa-Zdroj"]
[Date "1899-12-30"]
[Round "4.25"]
[White "Kosakowski, Jakub"]
[Black "Szpar, Milosz"]
[Result "1-0"]
[WhiteTitle "FM"]
[BlackTitle "FM"]
[WhiteElo "2324"]
[BlackElo "2349"]

1. e4 c5 2. Nf3 Nc6 3. d4 cxd4 4. Nxd4 Nf6 5. Nc3 e5 6. Ndb5 d6 7. Bg5 a6 8. Na3
b5 9. Bxf6 gxf6 10. Nd5 f5 11. Bd3 Be6 12. c3 Bg7 13. Nxb5 axb5 14. Bxb5 Bd7 15.
exf5 O-O 16. O-O Rc8 17. Qa4 Kh8 18. Rfd1 Rg8 19. Qe4 Nb8 20. a4 Bf8 21. b4 Qg5
22. Bxd7 Nxd7 23. g3 Nf6 24. Nxf6 Qxf6 25. a5 Qd8 26. b5 Be7 27. b6 Rc5 28. Qb7
d5 29. a6 Rb5 30. Rdb1 Rxb1+ 31. Rxb1 Bc5 32. a7 d4 33. Qc6 Qf8 34. Ra1 1-0

[Event "Druzynowe Mistrzostwa Polski Juniorow - Ekstraliga 2018"]
[Site "Kudowa-Zdroj"]
[Date "1899-12-30"]
[Round "4.26"]
[White "Mis, Mieszko"]
[Black "Pytel, Maciej"]
[Result "1/2-1/2"]
[WhiteTitle "FM"]
[BlackTitle "I++"]
[WhiteElo "2291"]
[BlackElo "2051"]

1. d4 Nf6 2. c4 e6 3. g3 Bb4+ 4. Bd2 Qe7 5. Bg2 Nc6 6. Nf3 Bxd2+ 7. Nbxd2 d6 8.
O-O O-O 9. e4 e5 10. d5 Nb8 11. Ne1 a5 12. Rb1 c6 13. Nd3 Na6 14. a3 Bg4 15. f3
Bd7 16. b4 axb4 17. axb4 cxd5 18. cxd5 Nc7 19. Re1 Nb5 20. Rc1 Nd4 21. Nb2 Ra2
22. Rb1 Rc8 23. Ndc4 h6 24. Ne3 Qd8 25. Kh1 Ne8 26. f4 f6 27. h4 Nc7 28. Nbc4
Ncb5 29. Qh5 Nc2 30. Nxc2 Rxc4 31. Ne3 Rc3 32. fxe5 fxe5 33. Qg6 Raa3 34. Rf1
Qe8 35. Qxe8+ Bxe8 36. Nf5 Kh7 37. Rfc1 Bd7 38. Rxc3 Rxc3 39. Rf1 Bxf5 40. Rxf5
Kg8 41. Kh2 Rb3 42. Rf2 Rxb4 43. Rc2 Kf7 44. Rc8 Ke7 1/2-1/2

[Event "Druzynowe Mistrzostwa Polski Juniorow - Ekstraliga 2018"]
[Site "Kudowa-Zdroj"]
[Date "1899-12-30"]
[Round "4.27"]
[White "Karolczuk, Iwo"]
[Black "Chyzy, Jakub"]
[Result "0-1"]
[WhiteTitle "I"]
[BlackTitle "k"]
[WhiteElo "1783"]
[BlackElo "2100"]

1. c4 e6 2. Nf3 d5 3. b3 Nf6 4. Bb2 Be7 5. g3 O-O 6. Bg2 c5 7. O-O Nc6 8. cxd5
exd5 9. d4 Be6 10. Nc3 Rc8 11. Rc1 cxd4 12. Nb5 Qa5 13. a4 Ne4 14. Nbxd4 Bf6 15.
Nxc6 bxc6 16. Bxf6 Nxf6 17. Ne5 c5 18. Nd3 Rfd8 19. Nf4 c4 20. Nxe6 fxe6 21. Bh3
Rc6 22. Qd4 Kf7 23. Qe5 c3 24. f4 Qb6+ 25. Kh1 d4 26. f5 exf5 27. Qxf5 Kg8 28.
Bg2 Rc5 29. Qf4 Qd6 30. Qf3 Re5 31. Qd3 Re3 32. Qb5 Qe6 33. Bf3 Re5 34. Qb4 a5
35. Qb7 h5 36. b4 axb4 37. Qxb4 Ng4 38. a5 Ne3 39. Rf2 Kh8 40. Qb7 Rd6 41. Qb1
Rd8 42. Qb7 Rd6 43. Qb1 g6 44. Qb4 c2 45. Qb8+ Kh7 46. Bb7 Rf5 47. Rxf5 gxf5 48.
a6 Rc6 49. Qf4 Qd5+ 50. Qf3 Qxf3+ 51. exf3 Rb6 52. Rxc2 Rb1+ 0-1

[Event "Druzynowe Mistrzostwa Polski Juniorow - Ekstraliga 2018"]
[Site "Kudowa-Zdroj"]
[Date "1899-12-30"]
[Round "4.28"]
[White "Czernek, Tymon"]
[Black "Szydlo, Michal"]
[Result "1-0"]
[WhiteTitle "I++"]
[BlackTitle "I"]
[WhiteElo "1949"]
[BlackElo "1697"]

1. e4 c5 2. Nf3 d6 3. d3 Nf6 4. g3 g6 5. Bg2 Bg7 6. O-O O-O 7. Nbd2 Nc6 8. c3 e5
9. Re1 Rb8 10. a4 a6 11. Nf1 Re8 12. Bg5 h6 13. Be3 Ng4 14. Bd2 b5 15. Ne3 Nf6
16. axb5 axb5 17. Qc1 Kh7 18. b4 cxb4 19. cxb4 Bb7 20. Ra2 d5 21. Nxd5 Nxd5 22.
exd5 Nd4 23. Nxd4 exd4 24. Rxe8 Qxe8 25. Ra7 Kg8 26. h4 h5 27. Bf4 Rc8 28. Qd1
Ba8 29. d6 Bc6 30. Bxc6 Qxc6 31. Rc7 Rxc7 32. dxc7 Bf8 33. Qc1 Qxc1+ 34. Bxc1
1-0

[Event "Druzynowe Mistrzostwa Polski Juniorow - Ekstraliga 2018"]
[Site "Kudowa-Zdroj"]
[Date "1899-12-30"]
[Round "4.29"]
[White "Koruch, Maria"]
[Black "Swiech, Joanna"]
[Result "0-1"]
[WhiteTitle "I"]
[BlackTitle "k"]
[WhiteElo "1714"]
[BlackElo "1832"]

1. e4 e5 2. Nf3 Nc6 3. Bb5 a6 4. Ba4 Nf6 5. O-O b5 6. Bb3 Be7 7. Re1 d6 8. c3 Bg4
9. h3 Bh5 10. a4 O-O 11. d3 Na5 12. Bc2 c5 13. b4 Nc6 14. bxc5 dxc5 15. Nbd2 b4
16. Bb2 Nd7 17. Nc4 f6 18. Bb3 Bf7 19. Ne3 Na5 20. Bxf7+ Rxf7 21. cxb4 cxb4 22.
d4 exd4 23. Nxd4 Nb6 24. Qg4 Nbc4 25. Nef5 Kh8 26. Bc1 Qb6 27. Be3 Nxe3 28. Rxe3
Bc5 29. Rd1 Nc4 30. Rg3 Rd8 31. Nxg7 Bxd4 32. Ne6 Bxf2+ 33. Kf1 Rxd1+ 34. Ke2
Bxg3 35. Qxg3 Qe3+ 0-1

[Event "Druzynowe Mistrzostwa Polski Juniorow - Ekstraliga 2018"]
[Site "Kudowa-Zdroj"]
[Date "1899-12-30"]
[Round "4.30"]
[White "Wikar, Martyna"]
[Black "Arciszewska, Zuzanna"]
[Result "1-0"]
[WhiteTitle "I++"]
[BlackTitle "I"]
[WhiteElo "1955"]
[BlackElo "1301"]

1. e4 e5 2. Nf3 Nc6 3. Bc4 Bc5 4. d3 Nf6 5. c3 d6 6. Nbd2 a6 7. Bb3 h6 8. Nf1 Ba7
9. Ng3 Be6 10. Bc2 Qd7 11. d4 exd4 12. cxd4 Bg4 13. Be3 O-O 14. O-O Bxf3 15. gxf3
Qh3 16. Kh1 Kh8 17. Rg1 Rg8 18. Nf5 Qh5 19. Rg3 g5 20. Qf1 Qg6 21. d5 Ne5 22.
f4 Neg4 23. Bxa7 Rxa7 24. Ne7 Qh5 25. Qg2 gxf4 26. Nxg8 fxg3 27. Nxf6 Nxf6 28.
fxg3 Ra8 29. Rf1 Qe5 30. Bd3 Re8 31. Rf4 Qd4 32. Qf3 Kg7 33. b3 Qa1+ 34. Kg2 Qxa2+
35. Kh3 Qb2 36. Rf5 Re7 37. g4 Nh7 38. Kg3 Ng5 39. Qe3 Qc3 40. h4 Nxe4+ 41. Kf4
Qxb3 42. Bxe4 Qxe3+ 43. Kxe3 Re5 44. Rxe5 dxe5 45. Bd3 f6 46. h5 Kf7 47. Ke4 a5
48. Bb5 Ke7 49. Kf5 Kf7 50. Bd7 Ke7 51. Bb5 Kf7 52. Bc4 Ke7 53. Kg6 a4 54. Kxh6
a3 55. Kg7 b5 56. Ba2 e4 57. h6 e3 58. h7 e2 59. h8=Q e1=Q 60. Qc8 Qe5 61. Qf8+
Kd7 62. Qxf6 Qe2 63. Kf7 Qxa2 64. Qe6+ Kd8 65. Qe8# 1-0

[Event "Druzynowe Mistrzostwa Polski Juniorow - Ekstraliga 2018"]
[Site "Kudowa-Zdroj"]
[Date "1899-12-30"]
[Round "5.1"]
[White "Szpar, Milosz"]
[Black "Lukasiewicz, Krzysztof"]
[Result "1-0"]
[WhiteTitle "FM"]
[BlackTitle "k"]
[WhiteElo "2349"]
[BlackElo "2247"]

1. c4 e5 2. Nc3 Nf6 3. g3 d5 4. cxd5 Nxd5 5. Bg2 Nb6 6. Nf3 Nc6 7. O-O Be7 8. d3
Be6 9. Bd2 f5 10. Na4 O-O 11. Nxb6 axb6 12. Qc2 Bf6 13. a4 Re8 14. Bc3 Bd5 15.
e4 Be6 16. Rac1 Qd7 17. b4 Qf7 18. b5 Bb3 19. Qb2 Nd4 20. Bxd4 exd4 21. e5 Bxe5
22. Ng5 Qg6 23. Qxb3+ Kf8 24. Nf3 Bd6 25. Nxd4 f4 26. Rfe1 Be5 27. Nf3 Bd6 28.
d4 Rad8 29. Ne5 Bxe5 30. dxe5 Re7 31. Qb4 fxg3 32. hxg3 Qe6 33. Rxc7 1-0

[Event "Druzynowe Mistrzostwa Polski Juniorow - Ekstraliga 2018"]
[Site "Kudowa-Zdroj"]
[Date "1899-12-30"]
[Round "5.2"]
[White "Sernecki, Franciszek"]
[Black "Mis, Mieszko"]
[Result "1/2-1/2"]
[WhiteTitle "I+"]
[BlackTitle "FM"]
[WhiteElo "2175"]
[BlackElo "2291"]

1. e4 c6 2. d4 d5 3. Nc3 dxe4 4. Nxe4 Bf5 5. Ng3 Bg6 6. h4 h6 7. Nf3 Nd7 8. h5
Bh7 9. Bd3 Bxd3 10. Qxd3 e6 11. Be3 Ngf6 12. O-O-O Be7 13. Ne4 Nxe4 14. Qxe4 Nf6
15. Qh4 Qa5 16. Kb1 Qb5 17. Rd3 a5 18. Ne5 Qd5 19. Qg3 Rg8 20. f3 b5 21. Qf4 Rf8
22. Qg3 Rg8 23. Qf4 Rf8 24. Qg3 Rg8 25. Qf4 Rf8 26. Qg3 Rg8 27. Rh4 a4 28. Qh2
Rc8 29. Qg3 b4 30. Rh1 Qd6 31. Qf4 Rc7 32. Bf2 Rb7 33. g4 Bd8 34. Qd2 Nd5 35.
f4 Bc7 36. Re1 Ne7 37. f5 Rf8 38. Bh4 Nd5 39. Nc4 Qf4 40. fxe6 Qxd2 41. exf7+
Kxf7 42. Rxd2 Kg8 43. Rf2 1/2-1/2

[Event "Druzynowe Mistrzostwa Polski Juniorow - Ekstraliga 2018"]
[Site "Kudowa-Zdroj"]
[Date "1899-12-30"]
[Round "5.3"]
[White "Chyzy, Jakub"]
[Black "Kosior, Jan"]
[Result "1-0"]
[WhiteTitle "k"]
[BlackTitle "II"]
[WhiteElo "2100"]
[BlackElo "1466"]

1. e4 c6 2. d4 d5 3. e5 Bf5 4. Nf3 e6 5. a3 Nd7 6. Be2 Ne7 7. O-O c5 8. dxc5 Nc6
9. b4 Ncxe5 10. Nxe5 Nxe5 11. Bb2 Nc6 12. Bd3 Qg5 13. f4 Qg4 14. Qxg4 Bxg4 15.
h3 Bf5 16. Bxf5 exf5 17. Re1+ Ne7 18. Nc3 O-O-O 19. Rad1 f6 20. Rd3 a5 21. Na4
Kb8 22. c4 axb4 23. axb4 Nc6 24. Rxd5 Rxd5 25. cxd5 Nxb4 26. d6 Kc8 27. Nb6+ Kd8
28. Ra1 Na6 29. Ra4 Ke8 30. Ba3 Kf7 31. c6 bxc6 32. Rxa6 Ke6 33. Ra8 Bxd6 34.
Rxh8 Bxa3 35. Na4 Kf7 36. Rc8 Bd6 37. g3 g5 38. Rxc6 Ke7 39. Nc3 gxf4 40. gxf4
Kd7 41. Ra6 Bxf4 42. Nd5 Be5 43. Nxf6+ Ke7 44. Nxh7 Bd4+ 45. Kg2 f4 46. Ng5 Be3
47. Kf3 Kf8 48. Ne6+ Ke7 49. Nxf4 Bxf4 50. Kxf4 Kf7 51. Ke5 Kg7 52. Kf5 Kh7 53.
Ra7+ Kh6 54. h4 Kh5 55. Rh7# 1-0